| 000 | 01168nas a2200361 4500 | ||
|---|---|---|---|
| 001 | BR0603399 | ||
| 003 | BR-BrBNA | ||
| 005 | 20231205110218.0 | ||
| 007 | ta | ||
| 008 | 230509b bl.|||p| |||| 00| 00por d | ||
| 040 |
_aBR-BrBNA _bpor _cBiblioteca Nacional de Agricultura |
||
| 041 | _a(Pt) | ||
| 072 | _aU10; L51 | ||
| 100 | 1 | _aLira, V.M.C. | |
| 100 | 1 | _aPereira, J.C. | |
| 100 | 1 | _aVieira, R.A.M. | |
| 100 | 1 | _aHenrique, D.S. | |
| 100 | 1 | _aLeonel, F. de P. | |
| 245 | 1 | _aAvaliação de marcadores e modelos matemáticos para o estudo das cinéticas de trânsito e de degradação ruminal em novilhos mantidos em pastagem de capim-braquiária (Brachiaria decumbens Stapf.) | |
| 650 | _aGADO HOLANDÊS | ||
| 650 | _aGADO ZEBU | ||
| 650 | _aNOVILHO | ||
| 650 | _aCAPIM BRACHIÁRIA | ||
| 650 | _aBRACHIÁRIA DECUMBENS | ||
| 650 | _aPASTAGEM | ||
| 650 | _aRÚMEN | ||
| 650 | _aDIGESTÃO | ||
| 650 | _aVALOR NUTRITIVO | ||
| 650 | _aMODELO MATEMÁTICO | ||
| 773 | 0 |
_tRevista Brasileira de Zootecnia (Brazil) _xISSN 1516-3598 _g(May-Jun 2006), v. 35(3) p. 902-913 _wBR0603399 |
|
| 909 |
_a202311 _bLúcia _c55 _dLúcia Elande |
||
| 942 |
_2AGRIS _n0 _cANA |
||
| 999 |
_c186528 _d186528 |
||